Islands by Satellite Image #1 - Statistics

General Stats
  • This quiz has been taken 70,355 times
  • The average score is 10 of 16
Answer Stats
Picture Answer % Correct
Greenland
96%
Iceland
96%
Ireland
94%
Cuba
93%
Corsica
65%
Long Island
62%
Sardinia
61%
Jamaica
60%
Java
59%
Borneo
57%
Puerto Rico
56%
Bahrain
53%
Hokkaido
52%
Vancouver
46%
Zealand
28%
Prince Edward Island
26%
No matching quizzes found
Score Distribution
Percent of People with Each Score
Percentile by Number Answered
Your Score History
You have not taken this quiz